Welcome to the Holygrace Academy Library

Please use search bar below to get started

VITHARIVU KARUTHALUM BHAAVIYUM (Record no. 6964)

MARC details
000 -LEADER
fixed length control field 00336nam a22001337a 4500
020 ## - INTERNATIONAL STANDARD BOOK NUMBER
ISBN 978-81-200-4234-6
082 ## - DEWEY DECIMAL CLASSIFICATION NUMBER
Classification number 894.812
Item number BAL/V
100 ## - MAIN ENTRY--AUTHOR NAME
Personal name BALAKRISHNAN, V
245 ## - TITLE STATEMENT
Title VITHARIVU KARUTHALUM BHAAVIYUM
260 ## - PUBLICATION, DISTRIBUTION, ETC. (IMPRINT)
Place of publication TRIVANDRUM
Name of publisher BEYOND PUBLISHERS
Year of publication 2017
300 ## - PHYSICAL DESCRIPTION
Number of Pages 252
650 ## - SUBJECT ADDED ENTRY--TOPICAL TERM
Topical Term AGRICULTURE AND FARMING
Geographic subdivision KERALA
942 ## - ADDED ENTRY ELEMENTS (KOHA)
Koha item type Books
Holdings
Withdrawn status Lost status Collection code Home library Current library Shelving location Date acquired Source of acquisition Cost, normal purchase price Full call number Accession Number Koha item type
    Non-fiction Main Library Main Library NEW SHELF WITH NEW ENTRY 26/10/2023 purchase 140.00 894.812 BAL/V 13185 Books